| 000 | 00429nam a22001697a 4500 | ||
|---|---|---|---|
| 003 | NUST - PNEC | ||
| 005 | 20170116180922.0 | ||
| 008 | 150904b xxu||||| |||| 00| 0 eng d | ||
| 020 | _a8179920488 | ||
| 040 | _cLIBRARY | ||
| 082 | _a620.17 MYL | ||
| 100 |
_97826 _aMyles,K |
||
| 245 |
_aCorroison control: principles & practice _cK. Myles |
||
| 260 | _cc.2003 | ||
| 650 |
_97827 _aMechnical engineering _xME |
||
| 942 |
_2ddc _cBK |
||
| 999 |
_c65648 _d65648 |
||